League of Legends Worlds 2018 Teams and Rosters - Statistics

General Stats
  • This quiz has been taken 13 times
  • The average score is 66 of 154
Answer Stats
Hint Answer % Correct
FNC Bwipo
100%
FNC Caps
100%
EU LCS #1 Fnatic
100%
EU LCS #3 G2 Esports
100%
FNC Hylissang
100%
G2 Jankos
100%
G2 Perkz
100%
FNC Rekkles
100%
G2 Wunder
100%
FNC Broxah
92%
NA LCS #3 Cloud9
92%
LCK #3 Gen.G
92%
G2 Hjarnan
92%
LPL #2 Invictus Gaming
92%
IG JackeyLove
92%
MAD K
92%
LCK #1 kt Rolster
92%
RNG Ming
92%
IG Rookie
92%
LPL #1 Royal Never Give Up
92%
GEN Ruler
92%
FNC sOAZ
92%
NA LCS #1 Team Liquid
92%
IG TheShy
92%
RNG Uzi
92%
G2 Wadid
92%
LCK #2 Afreeca Freecs
83%
GEN Ambition
83%
IG Baolan
83%
GEN CoreJJ
83%
GEN Crown
83%
GEN CuVee
83%
KT Deft
83%
TL Doublelift
83%
LPL #3 EDward Gaming
83%
C9 Jensen
83%
AF Kiin
83%
EDG Meiko
83%
IG Ning
83%
EU LCS #2 Team Vitality
83%
RNG Xiaohu
83%
TL Impact
75%
RNG Karsa
75%
AF Kuro
75%
KT Mata
75%
KT Score
75%
EDG Scout
75%
KT Smeb
75%
AF Spirit
75%
KT Ucal
75%
VIT Attila
67%
LJL #1 DetonatioN FocusMe
67%
IG Duke
67%
GEN Haru
67%
RNG Letme
67%
TL Pobelter
67%
C9 Sneaky
67%
NA LCS #2 100 Thieves
58%
EDG Clearlove
58%
LMS #1 Flash Wolves
58%
EDG iBoy
58%
VIT Jiizuke
58%
C9 Licorice
58%
TL Xmithie
58%
C9 Zeyzal
58%
FW Betty
50%
VIT Cabochard
50%
VIT Jactroll
50%
AF Kramer
50%
FW Maple
50%
C9 Svenskeren
50%
FW SwordArt
50%
AF TusiN
50%
100 aphromoo
42%
C9 Blaber
42%
DFM Evi
42%
VIT Kikis
42%
LMS #2 MAD Team
42%
TL Olleh
42%
100 Ssumday
42%
TCL #1 SuperMassive eSports
42%
DFM Yutapon
42%
AF Mowgli
33%
VCS #1 Phong Vu Buffalo
33%
EDG Ray
33%
100 AnDa
25%
EDG Haro
25%
100 Rikara
25%
100 Ryu
25%
SUP SnowFlower
25%
DFM Ceros
17%
LCL #1 Gambit Esports
17%
CBLOL #1 KaBuM! Esports
17%
CLS #1 Kaos Latin Gamers
17%
PVB Palette
17%
DFM Steal
17%
PVB BigKoro
8%
DW BioPanther
8%
INF Cotopaco
8%
GMB Diamondprox
8%
OPL #1 Dire Wolves
8%
KBM dyNquedo
8%
GMB Edward
8%
LMS #3 G-Rex
8%
FW Hanabi
8%
LLN #1 Infinity eSports
8%
GMB Kira
8%
GMB Lodik
8%
FW Moojin
8%
GRX PK
8%
GMB PvPStejos
8%
INF SolidSnake
8%
SUP Zeitnot
8%
PVB Zeros
8%
INF Arce
0%
SEA #1 Ascension Gaming
0%
GRX baybay
0%
MAD Benny
0%
MAD Breeze
0%
GRX Candy
0%
DW Cupcake
0%
GRX Empt2y
0%
SUP fabFabulous
0%
KLG Fix
0%
ASC G4
0%
SUP GBM
0%
DW k1ng
0%
GRX Koala
0%
MAD Kongyue
0%
MAD Liang
0%
ASC Lloyd
0%
PVB Meliodas
0%
KLG Nate
0%
PVB Naul
0%
ASC NikSar
0%
KLG Plugo
0%
KBM Ranger
0%
INF Relic
0%
INF Renyu
0%
ASC Rich
0%
KBM Riyev
0%
ASC Rockky
0%
DW Shernfire
0%
KLG Slow
0%
GRX Stitch
0%
SUP Stomaged
0%
KLG Tierwulf
0%
KBM TitaN
0%
DW Triple
0%
DW UDYSOF
0%
MAD Uniboy
0%
DFM viviD
0%
PVB XuHao
0%
KBM Zantins
0%
No matching quizzes found
Score Distribution
Percent of People with Each Score
Percentile by Number Answered
Your Score History
You have not taken this quiz